| 000 | 00515nam a2200145 a 4500 | ||
|---|---|---|---|
| 008 | 120416s1968 ||||||||||||||||| || u | ||
| 050 | _aHG 4517 Per | ||
| 100 | _aPerera, Phillips | ||
| 245 | 1 | 0 | _aDevelopment finance |
| 246 | _ainstitutions, problems and prospects | ||
| 260 |
_aNew York _bPraeger _c1968 |
||
| 300 | _axxiii, 440p. : ill. | ||
| 350 | _a0.00 | ||
| 995 |
_D0.00 _FCBU-MAIN LIBRARY (Kitwe) _H1 _I0.00 _M1 _UAVAILABLE _ZAnnex Low-Usage Collection |
||
| 999 |
_c39972 _d39972 |
||